000 00628nam a2200193 4500
001 118737
003 ES-MaACL
005 20251015063121.0
007 t|
008 070214s1978 sp r ||||1| spa d
100 1 _aPiaget, Jean,
_d1896-1980
_991738
245 1 3 _aLa equilibración de las estructuras cognitivas
_b: problema central del desarrollo /
_cpor Jean Piaget ; traducción de Eduardo Bustos.
250 _a1ª ed.
260 _aMadrid :
_bSiglo Veintiuno,
_c1978.
300 _a201 p. ;
_c21 cm.
700 1 _aBustos, Eduardo.
_932919
852 _aES-MaACL
_jA-9513
_bR.98187
999 _c118737
_d118737